000 01069cam a22003014a 4500
001 13431914
003 ARRUPE
005 20140203113159.0
008 031211s2003 enk 000 0 eng
010 _a 2003024369
020 _a1859844634 (pbk. : alk. paper)
020 _a9781844676767
040 _aDLC
_cDLC
_dDLC
041 1 _aeng
_hfre
042 _apcc
050 0 0 _aB2430.B33973
_bM6813 2003
100 1 _aBaudrillard, Jean,
_d1929-2007.
_97655
240 1 0 _aMots de passe.
_lEnglish
245 1 0 _aPasswords /
_cJean Baudrillard ; translated by Chris Turner.
260 _aLondon ;
_aNew York :
_bVerso,
_cc2003.
300 _aix, 92 p. ;
_c20 cm.
650 0 _aReality.
_97656
650 0 _aCivilization, Modern
_xPhilosophy.
_97657
856 4 1 _3Table of contents
_uhttp://www.loc.gov/catdir/toc/ecip0412/2003024369.html
906 _a7
_bcbc
_corignew
_d1
_eecip
_f20
_gy-gencatlg
942 _2lcc
_cMONOGRAPH
999 _c119865
_d119865